[Event "17. European Women's Championship 2016"]
[Site "Mamaia ROU"]
[Date "2016.05.29"]
[Round "3.11"]
[White "Charochkina, Daria"]
[Black "Batsiashvili, Nino"]
[Result "1-0"]
[WhiteElo "2362"]
[BlackElo "2476"]
[PlyCount "131"]
[EventDate "2016.05.27"]
[EventType "swiss"]
[EventRounds "11"]
[EventCountry "ROU"]
[Source "lmi"]
[SourceDate "2016.05.26"]

1. d4 d5 2. c4 e6 3. Nc3 Be7 4. cxd5 exd5 5. Bf4 Nf6 6. e3 Bf5 7. Qb3 Nc6 8. g4
Nxg4 9. Qxd5 Qc8 10. Qg2 Nb4 11. Rc1 O-O 12. a3 Bh4 13. axb4 Bxf2+ 14. Kd2 Qe6
15. Nd1 Rfe8 16. Rc3 Bh4 17. Bc4 Qg6 18. Nf3 Be7 19. Kc1 Bxb4 20. Nh4 Be4 21.
Qg3 Qf6 22. Rf1 Bxc3 23. Nxc3 h5 24. Bxc7 Qc6 25. Bxf7+ Kh7 26. Bxe8 Rxe8 27.
Qd6 Qc4 28. Rf4 Nxe3 29. Qc5 Qxc5 30. dxc5 Bc6 31. Rf2 Ng4 32. Rf5 g6 33. Rf7+
Kg8 34. Rf1 Re6 35. h3 Ne3 36. Re1 Kf7 37. Nxg6 Kxg6 38. Bf4 h4 39. Rxe3 Rxe3
40. Bxe3 Bg2 41. Ne2 Kf5 42. Bf2 Bxh3 43. Bxh4 Ke4 44. Kc2 Bg4 45. Nc3+ Kd4 46.
c6 bxc6 47. Bf2+ Kc4 48. Bxa7 Bf5+ 49. Kd2 Bg6 50. Nd1 Bh7 51. Ne3+ Kb3 52. Bd4
c5 53. Bc3 Be4 54. Ng4 Bh7 55. Ke3 Kc4 56. Kf4 Kb3 57. Ke5 Bd3 58. Kd5 Be2 59.
Ne5 c4 60. Kc5 Ka4 61. Kb6 Bf1 62. Nd7 Kb3 63. Nc5+ Kc2 64. Kb5 Be2 65. Kb4 Bf1
66. Ne4 1-0

[Event "17. European Women's Championship 2016"]
[Site "Mamaia ROU"]
[Date "2016.05.29"]
[Round "3.13"]
[White "Cosma, Elena-Luminita"]
[Black "Girya, Olga"]
[Result "1/2-1/2"]
[WhiteElo "2333"]
[BlackElo "2443"]
[PlyCount "101"]
[EventDate "2016.05.27"]
[EventType "swiss"]
[EventRounds "11"]
[EventCountry "ROU"]
[Source "lmi"]
[SourceDate "2016.05.26"]

1. d4 d5 2. c4 c6 3. Nf3 Nf6 4. cxd5 cxd5 5. Nc3 Nc6 6. Bf4 Bf5 7. e3 e6 8. Qb3
Bb4 9. Ne5 Qe7 10. Bb5 Rc8 11. Nxc6 bxc6 12. Ba6 Rd8 13. O-O O-O 14. Rfc1 Nh5
15. Be5 f6 16. Bc7 Rd7 17. Bg3 Nxg3 18. hxg3 Rb8 19. Na4 Qd6 20. Bf1 Rdd8 21.
Qd1 Ba5 22. Bd3 Bxd3 23. Qxd3 e5 24. b3 exd4 25. Qxd4 Bb6 26. Qf4 Qe6 27. Nc5
Bxc5 28. Rxc5 Rb6 29. Qa4 Rd7 30. Rac1 Rc7 31. Qd4 Rd7 32. Qa4 Rc7 33. Qa5 Rd7
34. Qc3 Rd6 35. b4 h6 36. a3 Kh8 37. Ra5 Qd7 38. Qd4 Re6 39. Rac5 Re4 40. Qd3
Re6 41. Qf5 Qe8 42. Ra5 Re5 43. Qd3 Qd7 44. Rac5 Re6 45. Qd2 Qb7 46. Qd4 Re4
47. Qd3 Qd7 48. Qc2 Re6 49. Qg6 Rd6 50. Qd3 Re6 51. Qf5 1/2-1/2

[Event "17. European Women's Championship 2016"]
[Site "Mamaia ROU"]
[Date "2016.05.29"]
[Round "3.14"]
[White "Matnadze, Ana"]
[Black "Mkrtchian, Lilit"]
[Result "1/2-1/2"]
[WhiteElo "2332"]
[BlackElo "2434"]
[PlyCount "64"]
[EventDate "2016.05.27"]
[EventType "swiss"]
[EventRounds "11"]
[EventCountry "ROU"]
[Source "lmi"]
[SourceDate "2016.05.26"]

1. d4 Nf6 2. Nf3 e6 3. c4 b6 4. g3 Ba6 5. b3 Bb4+ 6. Bd2 Be7 7. Nc3 d5 8. cxd5
exd5 9. Bg2 O-O 10. O-O Re8 11. Ne5 Bb7 12. Bc1 Nbd7 13. Bb2 Bf8 14. f4 c5 15.
e3 cxd4 16. exd4 Bb4 17. Rc1 Bxc3 18. Bxc3 Rc8 19. Bh3 Rc7 20. Bb4 Nb8 21. Rxc7
Qxc7 22. Qc1 Qd8 23. Rf2 Bc8 24. Bf1 Bf5 25. Bb5 Qc8 26. Rf1 Nfd7 27. g4 a6 28.
Bxd7 Bxd7 29. f5 Bb5 30. Re1 f6 31. Qxc8 Rxc8 32. Nf3 Bd7 1/2-1/2

[Event "17. European Women's Championship 2016"]
[Site "Mamaia ROU"]
[Date "2016.05.29"]
[Round "3.15"]
[White "Khurtsidze, Nino"]
[Black "Hoolt, Sarah"]
[Result "1-0"]
[WhiteElo "2409"]
[BlackElo "2312"]
[PlyCount "141"]
[EventDate "2016.05.27"]
[EventType "swiss"]
[EventRounds "11"]
[EventCountry "ROU"]
[Source "lmi"]
[SourceDate "2016.05.26"]

1. d4 Nf6 2. Nf3 e6 3. c4 Bb4+ 4. Nbd2 b6 5. e3 Bb7 6. Bd3 Bxd2+ 7. Qxd2 d6 8.
Qc2 Nbd7 9. b3 O-O 10. Bb2 Qe7 11. e4 e5 12. O-O Nh5 13. c5 dxc5 14. Nxe5 cxd4
15. Qxc7 Qxe5 16. Qxd7 Bxe4 17. Bxd4 Qd5 18. Qxd5 Bxd5 19. Rfd1 Nf4 20. Bf1
Rfd8 21. Be3 Ne6 22. b4 Bb7 23. f3 Kf8 24. Kf2 Ke7 25. a4 Rxd1 26. Rxd1 Rd8 27.
Rxd8 Kxd8 28. Bc4 Kd7 29. g4 Kd6 30. f4 Nd8 31. a5 bxa5 32. bxa5 a6 33. Bb6 Ne6
34. Ke3 f6 35. h4 g6 36. f5 gxf5 37. gxf5 Ng7 38. Kf4 Bc8 39. Bd3 Ke7 40. Bc5+
Kf7 41. Kg4 h5+ 42. Kf4 Ke8 43. Be4 Kf7 44. Bd4 Ke7 45. Bb6 Ke8 46. Bd3 Ke7 47.
Bc7 Kd7 48. Bb6 Ke7 49. Bd4 Kf7 50. Bf2 Ke7 51. Be2 Kf7 52. Ke4 Ke7 53. Kd5 Kd7
54. Kc5 Kc7 55. Bd4 Bxf5 56. Bxf6 Ne6+ 57. Kb4 Kb7 58. Bxh5 Be4 59. Bf7 Nf4 60.
Kc4 Bf3 61. Be5 Ng2 62. h5 Ne3+ 63. Kc5 Ng4 64. Bg7 Be2 65. Bd5+ Kc7 66. h6 Bd3
67. Bc4 Nxh6 68. Bxd3 Nf7 69. Bxa6 Nd8 70. Be5+ Kd7 71. Kb6 1-0

[Event "17. European Women's Championship 2016"]
[Site "Mamaia ROU"]
[Date "2016.05.29"]
[Round "3.16"]
[White "Mammadzada, Gunay"]
[Black "Melia, Salome"]
[Result "1-0"]
[WhiteElo "2318"]
[BlackElo "2409"]
[PlyCount "153"]
[EventDate "2016.05.27"]
[EventType "swiss"]
[EventRounds "11"]
[EventCountry "ROU"]
[Source "lmi"]
[SourceDate "2016.05.26"]

1. e4 c5 2. Nf3 Nc6 3. d4 cxd4 4. Nxd4 Nf6 5. Nc3 d6 6. f3 e5 7. Nb3 Be7 8. Be3
O-O 9. Qd2 a5 10. Bb5 Be6 11. Rd1 Na7 12. Be2 Nc8 13. Qc1 Qc7 14. Nb5 Qc6 15.
c4 a4 16. Nd2 Nh5 17. g3 Bh3 18. Bf1 Bxf1 19. Kxf1 Bd8 20. Kg2 Bb6 21. Rhe1
Bxe3 22. Rxe3 Nb6 23. Rd3 Rfd8 24. Nc3 Rac8 25. b3 axb3 26. axb3 Nd7 27. Nd5
Kf8 28. Nf1 Nhf6 29. Nxf6 Nxf6 30. Qa3 Ne8 31. Rd5 Ra8 32. Qb4 Ra2+ 33. Kg1 f6
34. c5 Rd7 35. cxd6 Ra6 36. f4 Rxd6 37. fxe5 fxe5 38. Rxe5 Qb6+ 39. Qxb6 Raxb6
40. Rc1 Rdc6 41. Rxc6 bxc6 42. Nd2 Nf6 43. Ra5 Rb7 44. Kf2 Ng4+ 45. Ke2 Nxh2
46. Rc5 Rb6 47. Rh5 Ng4 48. Rxh7 Kf7 49. Rh5 Nf6 50. Rg5 Rb7 51. Rc5 Rc7 52.
Ke3 Ke6 53. Nf3 Kd6 54. Rc4 Re7 55. Kf4 Kc7 56. g4 Kb6 57. Ne5 c5 58. Nd3 Nd7
59. e5 Nf8 60. Kf5 Rf7+ 61. Ke4 Ne6 62. Kd5 Nc7+ 63. Ke4 Ne6 64. Kd5 Nc7+ 65.
Kd6 Nb5+ 66. Ke6 Rc7 67. Nxc5 Rc6+ 68. Kd7 Rc7+ 69. Ke6 Rc6+ 70. Kd7 Rc7+ 71.
Kd8 Rxc5 72. Rxc5 Kxc5 73. e6 Nd6 74. e7 g5 75. e8=Q Nxe8 76. Kxe8 Kd4 77. b4
1-0

[Event "17. European Women's Championship 2016"]
[Site "Mamaia ROU"]
[Date "2016.05.29"]
[Round "3.17"]
[White "Ziaziulkina, Nastassia"]
[Black "Zaksaite, Salomeja"]
[Result "1/2-1/2"]
[WhiteElo "2396"]
[BlackElo "2312"]
[PlyCount "156"]
[EventDate "2016.05.27"]
[EventType "swiss"]
[EventRounds "11"]
[EventCountry "ROU"]
[Source "lmi"]
[SourceDate "2016.05.26"]

1. e4 c5 2. Nf3 Nc6 3. d4 cxd4 4. Nxd4 Nf6 5. Nc3 e5 6. Ndb5 d6 7. Bg5 a6 8.
Na3 b5 9. Nd5 Be7 10. Bxf6 Bxf6 11. c3 O-O 12. Nc2 Bg5 13. a4 bxa4 14. Rxa4 a5
15. Bc4 Rb8 16. b3 Kh8 17. Nce3 g6 18. Ra2 f5 19. h4 Bxh4 20. exf5 Bxf5 21.
Nxf5 Rxf5 22. g3 Bg5 23. Bd3 e4 24. Bxe4 Re5 25. Re2 Ne7 26. f4 Nxd5 27. fxe5
Nxc3 28. Reh2 Bh4 29. Rxh4 Qxh4 30. Rxh4 Nxd1 31. Kxd1 dxe5 32. Kc2 Kg7 33. Bd3
Rd8 34. Rc4 Kf6 35. Rc7 Rd4 36. Ra7 e4 37. Bc4 e3 38. Rf7+ Kg5 39. Re7 Rg4 40.
Re5+ Kf6 41. Rxa5 Rxg3 42. Kd3 h5 43. Ra6+ Ke7 44. Re6+ Kd7 45. Rxe3 Rg1 46. b4
g5 47. b5 g4 48. Bd5 Kd6 49. Bc6 g3 50. Re2 h4 51. Bg2 Kc5 52. Rb2 Kb6 53. Ke3
Rc1 54. Kf4 Rc5 55. Bc6 Rc4+ 56. Kf3 Rd4 57. Kg2 Rf4 58. Kh3 Rd4 59. Ra2 Rf4
60. Ra8 Rb4 61. Rg8 Kc7 62. Rg6 Kb6 63. Rh6 Rd4 64. Be8+ Kb7 65. Rh7+ Kb6 66.
Bc6 Rb4 67. Rb7+ Kc5 68. Rg7 Kb6 69. Rg6 Kc7 70. Kg2 Rb2+ 71. Kf3 Rb3+ 72. Kf4
Rb2 73. Ke3 Rb3+ 74. Kf4 Rb4+ 75. Ke5 Rb3 76. Rg7+ Kb6 77. Kd4 h3 78. Kc4 Rb1
1/2-1/2

[Event "17. European Women's Championship 2016"]
[Site "Mamaia ROU"]
[Date "2016.05.29"]
[Round "3.18"]
[White "Foisor, Cristina-Adela"]
[Black "Daulyte, Deimante"]
[Result "1-0"]
[WhiteElo "2322"]
[BlackElo "2392"]
[PlyCount "157"]
[EventDate "2016.05.27"]
[EventType "swiss"]
[EventRounds "11"]
[EventCountry "ROU"]
[Source "lmi"]
[SourceDate "2016.05.26"]

1. Nf3 d5 2. e3 Nf6 3. c4 e6 4. b3 b6 5. Bb2 Bb7 6. Be2 Nbd7 7. Qc2 a6 8. d3
Bd6 9. Nbd2 c5 10. h3 Qc7 11. Rc1 Rc8 12. Qb1 Qb8 13. Qa1 b5 14. O-O O-O 15.
Rfd1 Rfd8 16. Nf1 Re8 17. N1d2 Red8 18. Bf1 Qa8 19. cxd5 exd5 20. Nh4 Re8 21.
Nf5 Bf8 22. Bxf6 Nxf6 23. Nh6+ gxh6 24. Qxf6 Bg7 25. Qh4 Qb8 26. Nf3 Rc6 27.
Qh5 Qd8 28. d4 c4 29. Ne5 Rc7 30. Be2 Qe7 31. Bf3 Qg5 32. Nd3 Bf8 33. Nf4 Rd8
34. Qg4 c3 35. Rc2 b4 36. g3 a5 37. h4 Qxg4 38. Bxg4 a4 39. Bf3 Bc6 40. Kg2 Ra7
41. Rb1 axb3 42. axb3 Ra5 43. g4 Bd6 44. Nd3 Rda8 45. Rd1 Ra2 46. Rxa2 Rxa2 47.
Nc1 Rb2 48. h5 Kg7 49. Rg1 Kf6 50. Be2 Ke6 51. Bd3 Rd2 52. Kf3 Be7 53. Kg3 Kd6
54. Bxh7 Bb5 55. f4 f6 56. Kf3 Bd8 57. Bf5 Rb2 58. Rg2 Rd2 59. Bc2 Rxg2 60.
Kxg2 Ke6 61. Kf3 Be7 62. Bd3 Bxd3 63. Nxd3 f5 64. g5 hxg5 65. fxg5 Bxg5 66.
Nxb4 Kd6 67. Ke2 Ke6 68. Kd3 f4 69. exf4 Bxf4 70. Kxc3 Bh6 71. Kd3 Kd6 72. Nc2
Ke6 73. Ne3 Bf8 74. Kc3 Bh6 75. Ng4 Bf8 76. h6 Kf5 77. h7 Bg7 78. Ne5 Kf6 79.
b4 1-0

[Event "17. European Women's Championship 2016"]
[Site "Mamaia ROU"]
[Date "2016.05.29"]
[Round "3.19"]
[White "Bodnaruk, Anastasia"]
[Black "Styazhkina, Anna"]
[Result "1-0"]
[WhiteElo "2475"]
[BlackElo "2302"]
[PlyCount "117"]
[EventDate "2016.05.27"]
[EventType "swiss"]
[EventRounds "11"]
[EventCountry "ROU"]
[Source "lmi"]
[SourceDate "2016.05.26"]

1. e4 e5 2. Nf3 Nc6 3. Bb5 g6 4. d4 exd4 5. c3 Bg7 6. cxd4 a6 7. Ba4 b5 8. Bc2
d6 9. d5 Na5 10. O-O Nc4 11. Nc3 Ne7 12. Nd4 O-O 13. b3 Nb6 14. Bg5 Qd7 15. Rc1
Bb7 16. Qd2 c5 17. dxc6 Nxc6 18. Be3 Ne5 19. Nde2 Qd8 20. Bd4 b4 21. Nd1 a5 22.
Ne3 Ba6 23. Rfd1 Bh6 24. f4 Bxe2 25. Qxe2 Bxf4 26. Qf2 Bxe3 27. Qxe3 Nbd7 28.
Bb2 Ra6 29. Bd3 Rb6 30. Be2 Qb8 31. Rc2 Re8 32. Qd4 Nc5 33. Bc4 Kg7 34. Rf1 f6
35. Bd5 Qd8 36. Rcf2 Rf8 37. Rd2 Qe7 38. Qe3 Rbb8 39. Rdd1 Rbc8 40. Bc1 Kh8 41.
a3 Rc7 42. axb4 axb4 43. Rd4 Rb8 44. Bd2 Na6 45. Qe2 Ra7 46. h3 Nd7 47. Ra1
Ndc5 48. Be3 Rb6 49. Qf2 Rc7 50. Rdd1 Rb8 51. Bd4 Rf8 52. Rf1 Kg7 53. Qd2 Nxe4
54. Bxe4 Qxe4 55. Rxa6 Rc2 56. Re1 Rxd2 57. Rxe4 d5 58. Re7+ Rf7 59. Bxf6+ 1-0

[Event "17. European Women's Championship 2016"]
[Site "Mamaia ROU"]
[Date "2016.05.29"]
[Round "3.20"]
[White "Manakova, Maria"]
[Black "Javakhishvili, Lela"]
[Result "1/2-1/2"]
[WhiteElo "2254"]
[BlackElo "2493"]
[PlyCount "72"]
[EventDate "2016.05.27"]
[EventType "swiss"]
[EventRounds "11"]
[EventCountry "ROU"]
[Source "lmi"]
[SourceDate "2016.05.26"]

1. e4 c5 2. Nf3 Nc6 3. Bb5 e6 4. O-O Nge7 5. Nc3 a6 6. Bxc6 Nxc6 7. d4 cxd4 8.
Nxd4 Qc7 9. Re1 d6 10. Nxc6 bxc6 11. Re3 Be7 12. Qg4 g6 13. Rd3 e5 14. Qg3 f5
15. Bg5 f4 16. Qh4 h6 17. Bf6 Be6 18. Rad1 g5 19. Qh5+ Bf7 20. Qh3 Bxf6 21.
Rxd6 Bg7 22. Rd7 Qc8 23. Na4 Rb8 24. Nc5 O-O 25. Ne6 Rxb2 26. Nxg7 Kxg7 27. Qf5
Rb7 28. h4 Rxd7 29. Rxd7 Qe8 30. hxg5 hxg5 31. Qxg5+ Kh7 32. Re7 Qc8 33. Qh4+
Kg7 34. Qg5+ Kh7 35. Qh5+ Kg8 36. Qg5+ Kh7 1/2-1/2

[Event "17. European Women's Championship 2016"]
[Site "Mamaia ROU"]
[Date "2016.05.29"]
[Round "3.21"]
[White "Zawadzka, Jolanta"]
[Black "Fataliyeva, Ulviyya"]
[Result "1-0"]
[WhiteElo "2442"]
[BlackElo "2301"]
[PlyCount "119"]
[EventDate "2016.05.27"]
[EventType "swiss"]
[EventRounds "11"]
[EventCountry "ROU"]
[Source "lmi"]
[SourceDate "2016.05.26"]

1. e4 e6 2. d4 d5 3. Nc3 Bb4 4. Nge2 dxe4 5. a3 Be7 6. Nxe4 Nf6 7. Nxf6+ Bxf6
8. Be3 b6 9. Qd2 Bb7 10. O-O-O O-O 11. Nf4 Nd7 12. d5 e5 13. Nh5 Be7 14. f4 Nf6
15. Nxf6+ Bxf6 16. f5 Qd6 17. g4 e4 18. Bc4 c6 19. g5 Be5 20. dxc6 Qxc6 21. Qe2
Rac8 22. Bb5 Qc7 23. Rd7 Qb8 24. Rhd1 Bc6 25. Bxc6 Rxc6 26. Qb5 Rcc8 27. Qd5
Bf4 28. Qxe4 Bxe3+ 29. Qxe3 Qxh2 30. c3 Rce8 31. Qd4 Re2 32. Qd3 Qf4+ 33. Kb1
Re3 34. Qc2 Qxg5 35. Rxa7 h5 36. Ka2 h4 37. Rh1 h3 38. Rh2 Rfe8 39. Rd7 Rg3 40.
Rdd2 Qg4 41. Rd4 Qg5 42. Qa4 b5 43. Qxb5 Ree3 44. Rdd2 Rgf3 45. c4 Rxf5 46. Qd7
g6 47. Rc2 Qf4 48. Qd8+ Kg7 49. c5 Qa4 50. Qb6 Rff3 51. Qb4 Qc6 52. Qd4+ f6 53.
Rhd2 Qe6+ 54. Qc4 Qxc4+ 55. Rxc4 Re8 56. c6 Rc8 57. c7 h2 58. Rxh2 Rd3 59. b4
Rd7 60. Rhc2 1-0

[Event "17. European Women's Championship 2016"]
[Site "Mamaia ROU"]
[Date "2016.05.29"]
[Round "3.22"]
[White "Nechaeva, Marina"]
[Black "Buksa, Nataliya"]
[Result "1/2-1/2"]
[WhiteElo "2416"]
[BlackElo "2288"]
[PlyCount "104"]
[EventDate "2016.05.27"]
[EventType "swiss"]
[EventRounds "11"]
[EventCountry "ROU"]
[Source "lmi"]
[SourceDate "2016.05.26"]

1. d4 Nf6 2. c4 g6 3. Nf3 Bg7 4. e3 O-O 5. Be2 d5 6. cxd5 Nxd5 7. e4 Nb6 8. O-O
Bg4 9. Nbd2 e5 10. Nxe5 Bxe2 11. Qxe2 Qxd4 12. Ndf3 Qd6 13. Bf4 Qe7 14. Rfe1
Na6 15. Bg3 Nc5 16. Rac1 Ne6 17. h3 Rfd8 18. Bh4 Bf6 19. Bxf6 Qxf6 20. Ng4 Qe7
21. Qe3 h5 22. Nh6+ Kh7 23. Nf5 Qf8 24. N5d4 Nxd4 25. Nxd4 Qb4 26. Nf3 c6 27.
b3 Re8 28. Rcd1 Rad8 29. e5 Rxd1 30. Rxd1 Kg7 31. Rd3 a5 32. a3 Qb5 33. Qd4 Kg8
34. Qd6 Nd5 35. Qd7 Rf8 36. Rd4 Qxb3 37. e6 Nf6 38. exf7+ Qxf7 39. Qd6 Nd5 40.
Re4 Nf4 41. Re7 Qf6 42. Qxf6 Rxf6 43. Rxb7 Nxh3+ 44. Kf1 Nf4 45. g3 Nd3 46. Ke2
Nc5 47. Ra7 Re6+ 48. Kf1 Nb3 49. Rb7 Nc5 50. Ra7 Nb3 51. Rb7 Nc5 52. Ra7 Nb3
1/2-1/2

[Event "17. European Women's Championship 2016"]
[Site "Mamaia ROU"]
[Date "2016.05.29"]
[Round "3.23"]
[White "Mikadze, Miranda"]
[Black "Szczepkowska-Horowska, Karina"]
[Result "0-1"]
[WhiteElo "2233"]
[BlackElo "2411"]
[PlyCount "66"]
[EventDate "2016.05.27"]
[EventType "swiss"]
[EventRounds "11"]
[EventCountry "ROU"]
[Source "lmi"]
[SourceDate "2016.05.26"]

1. d4 Nf6 2. Nf3 e6 3. Bf4 c5 4. e3 cxd4 5. exd4 Qb6 6. Qc1 d6 7. c3 Bd7 8.
Nbd2 Be7 9. Bd3 Bc6 10. O-O O-O 11. Re1 Rc8 12. a3 Nbd7 13. Qc2 Nf8 14. Rab1
Ng6 15. Bg5 Qd8 16. c4 Nh5 17. Be3 Nf6 18. h3 a5 19. b4 axb4 20. axb4 b5 21. c5
Nd5 22. Ne4 Bf8 23. Bd2 Ndf4 24. Bf1 f5 25. Neg5 Bd5 26. g3 h6 27. gxf4 hxg5
28. Nxg5 Nh4 29. Bxb5 Be7 30. Bc4 dxc5 31. bxc5 Bxg5 32. Bxd5 Qxd5 33. fxg5
Qg2# 0-1

[Event "17. European Women's Championship 2016"]
[Site "Mamaia ROU"]
[Date "2016.05.29"]
[Round "3.24"]
[White "Lomineishvili, Maia"]
[Black "Tsatsalashvili, Keti"]
[Result "1-0"]
[WhiteElo "2367"]
[BlackElo "2278"]
[PlyCount "91"]
[EventDate "2016.05.27"]
[EventType "swiss"]
[EventRounds "11"]
[EventCountry "ROU"]
[Source "lmi"]
[SourceDate "2016.05.26"]

1. d4 d5 2. c4 e6 3. Nc3 Be7 4. Nf3 c6 5. e4 dxe4 6. Nxe4 Nf6 7. Bd3 Nbd7 8.
O-O O-O 9. b3 c5 10. Bb2 cxd4 11. Bxd4 Nxe4 12. Bxe4 Bf6 13. Qd3 h6 14. Rad1
Qe7 15. Qe3 Bxd4 16. Nxd4 Nf6 17. Bf3 a6 18. Rfe1 Qc7 19. g4 Bd7 20. g5 hxg5
21. Qxg5 Rfe8 22. Kh1 Nh7 23. Qh5 g6 24. Rg1 Kh8 25. Qh4 e5 26. Nc2 Bc6 27. Bd5
Bxd5+ 28. Rxd5 Qc6 29. Ne3 Qf6 30. Qg3 Qf4 31. Rd7 Rad8 32. Rgd1 Rxd7 33. Rxd7
Qe4+ 34. Kg1 Kg8 35. Nd5 b5 36. c5 Qc2 37. Ne7+ Kg7 38. Qxe5+ Nf6 39. c6 Rh8
40. Rd6 Qb1+ 41. Kg2 Qe4+ 42. Qxe4 Nxe4 43. Rd4 Ng5 44. c7 Ne6 45. Rd7 Nc5 46.
Rd8 1-0

[Event "17. European Women's Championship 2016"]
[Site "Mamaia ROU"]
[Date "2016.05.29"]
[Round "3.25"]
[White "Bulmaga, Irina"]
[Black "Doluhanova, Evgeniya"]
[Result "1-0"]
[WhiteElo "2360"]
[BlackElo "2262"]
[PlyCount "95"]
[EventDate "2016.05.27"]
[EventType "swiss"]
[EventRounds "11"]
[EventCountry "ROU"]
[Source "lmi"]
[SourceDate "2016.05.26"]

1. d4 Nf6 2. Nf3 e6 3. e3 d5 4. Bd3 Bd6 5. O-O O-O 6. b3 c5 7. Bb2 Nc6 8. a3
Ne4 9. dxc5 Nxc5 10. Be2 Ne4 11. c4 Be7 12. Qc2 Bf6 13. Nc3 Nxc3 14. Bxc3 Bxc3
15. Qxc3 dxc4 16. Rfd1 Qe7 17. Bxc4 Bd7 18. b4 a6 19. Bd3 Rfd8 20. Nd2 Rac8 21.
Ne4 Be8 22. Qc5 Rc7 23. Qxe7 Rxe7 24. Nc5 Kf8 25. h4 h6 26. Be4 Rc7 27. Rdc1
Rdc8 28. Rc2 Nd8 29. Rd2 Ke7 30. Rad1 a5 31. Bf3 axb4 32. axb4 Bc6 33. Ne4 Ra8
34. Rc1 Rcc8 35. Nd6 Rcb8 36. b5 Bxf3 37. gxf3 b6 38. f4 Kf8 39. Rc7 Ra1+ 40.
Kg2 Rb1 41. Nc8 Nb7 42. Rdd7 Rxb5 43. Na7 Rf5 44. Rxb7 Rxb7 45. Rxb7 g5 46.
fxg5 hxg5 47. hxg5 Rxg5+ 48. Kf3 1-0

[Event "17. European Women's Championship 2016"]
[Site "Mamaia ROU"]
[Date "2016.05.29"]
[Round "3.26"]
[White "Movileanu, Daniela"]
[Black "Gara, Anita"]
[Result "0-1"]
[WhiteElo "2247"]
[BlackElo "2345"]
[PlyCount "84"]
[EventDate "2016.05.27"]
[EventType "swiss"]
[EventRounds "11"]
[EventCountry "ROU"]
[Source "lmi"]
[SourceDate "2016.05.26"]

1. e4 c5 2. Nf3 e6 3. d4 cxd4 4. Nxd4 Nc6 5. Nb5 d6 6. c4 Nf6 7. N1c3 a6 8. Na3
Be7 9. Be2 Ne5 10. O-O O-O 11. Be3 b6 12. f3 Qc7 13. Rc1 Ned7 14. Qc2 Bb7 15.
Rfd1 Rac8 16. Qb3 Rfe8 17. Nab1 Nc5 18. Qc2 Qb8 19. Qd2 Ncd7 20. Bf1 Bd8 21.
Qf2 Bc7 22. g3 Qa8 23. Nd2 d5 24. exd5 exd5 25. Bd4 dxc4 26. Bxc4 Be5 27. Nce4
b5 28. Bd3 Bxd4 29. Qxd4 Rcd8 30. Bb1 Nxe4 31. Nxe4 Ne5 32. Qf2 f5 33. Nd6 Bxf3
34. Nxe8 Bxd1 35. Nc7 Nf3+ 36. Kf1 Qb7 37. Qe3 Nxh2+ 38. Kg1 Nf3+ 39. Kf1 Nd2+
40. Kg1 Nf3+ 41. Kf1 Ne5 42. Kg1 Rd2 0-1

[Event "17. European Women's Championship 2016"]
[Site "Mamaia ROU"]
[Date "2016.05.29"]
[Round "3.27"]
[White "Lazarne Vajda, Szidonia"]
[Black "Raeva, Elitsa"]
[Result "1-0"]
[WhiteElo "2345"]
[BlackElo "2254"]
[PlyCount "71"]
[EventDate "2016.05.27"]
[EventType "swiss"]
[EventRounds "11"]
[EventCountry "ROU"]
[Source "lmi"]
[SourceDate "2016.05.26"]

1. e4 d6 2. d4 Nf6 3. Nc3 g6 4. Nf3 Bg7 5. Be2 O-O 6. O-O c6 7. a4 Qc7 8. h3
Nbd7 9. Re1 Rd8 10. Bc4 Nf8 11. Ng5 e6 12. Bf4 Nh5 13. Be3 h6 14. Nf3 e5 15.
Qd2 Kh7 16. Rad1 Ne6 17. Bf1 Qe7 18. d5 Nef4 19. g4 Nf6 20. Bxf4 exf4 21. dxc6
bxc6 22. e5 Ne8 23. exd6 Qb7 24. Qxf4 Qxb2 25. Ne4 f5 26. Neg5+ hxg5 27. Nxg5+
Kh8 28. Nf7+ Kh7 29. Nxd8 Nf6 30. Nf7 Qxc2 31. Ng5+ Kh8 32. Bd3 Qc5 33. gxf5
Bxf5 34. Bxf5 Nh5 35. Qg4 Rf8 36. d7 1-0

[Event "17. European Women's Championship 2016"]
[Site "Mamaia ROU"]
[Date "2016.05.29"]
[Round "3.28"]
[White "Mirzoeva, Elmira"]
[Black "Rakhmangulova, Anastasiya"]
[Result "0-1"]
[WhiteElo "2344"]
[BlackElo "2245"]
[PlyCount "82"]
[EventDate "2016.05.27"]
[EventType "swiss"]
[EventRounds "11"]
[EventCountry "ROU"]
[Source "lmi"]
[SourceDate "2016.05.26"]

1. Nf3 g6 2. d4 Bg7 3. e4 d5 4. Nc3 Nf6 5. e5 Ne4 6. Nxe4 dxe4 7. Ng5 c5 8. c3
cxd4 9. cxd4 Nc6 10. Be3 Qa5+ 11. Qd2 Qxd2+ 12. Kxd2 Bf5 13. Bc4 O-O 14. Rhg1
Rad8 15. Kc3 Rc8 16. g4 Bd7 17. e6 fxe6 18. Nxe6 Na5 19. Nxf8+ Rxc4+ 20. Kd2
Kxf8 21. Rac1 Bxd4 22. b3 Rxc1 23. Rxc1 Be5 24. h3 b6 25. Bh6+ Kf7 26. Ke3 Bb2
27. Rc2 Bf6 28. Rc7 Bc6 29. Bf4 g5 30. Bg3 a6 31. Ra7 Bb7 32. Bc7 Bd4+ 33. Ke2
b5 34. Rxa6 Bxa6 35. Bxa5 b4+ 36. Ke1 Bc3+ 37. Kd1 Bf1 38. a3 Bxh3 39. Ke2 Bd4
40. Bxb4 Bxg4+ 41. Kf1 Be6 0-1

[Event "17. European Women's Championship 2016"]
[Site "Mamaia ROU"]
[Date "2016.05.29"]
[Round "3.29"]
[White "Hapala, Elisabeth"]
[Black "Papp, Petra"]
[Result "0-1"]
[WhiteElo "2227"]
[BlackElo "2342"]
[PlyCount "72"]
[EventDate "2016.05.27"]
[EventType "swiss"]
[EventRounds "11"]
[EventCountry "ROU"]
[Source "lmi"]
[SourceDate "2016.05.26"]

1. e4 e5 2. Nf3 Nc6 3. Bb5 a6 4. Ba4 Nf6 5. O-O Be7 6. Re1 b5 7. Bb3 d6 8. c3
O-O 9. h3 Bb7 10. d4 Re8 11. Ng5 Rf8 12. Nf3 Nd7 13. Nbd2 exd4 14. cxd4 Re8 15.
Nf1 Na5 16. Bc2 Bf6 17. N1h2 c5 18. Ng4 Bxd4 19. Nxd4 cxd4 20. Qxd4 Rc8 21. Bb1
Nc5 22. b4 Ne6 23. Qd3 Nc4 24. a4 h5 25. Nh2 g6 26. axb5 axb5 27. Nf3 Qf6 28.
Ra2 Nf4 29. Qd1 Ne5 30. Nxe5 dxe5 31. Ra7 Rxc1 32. Qxc1 Qg5 33. g3 Ne2+ 34.
Rxe2 Qxc1+ 35. Kh2 Qxb1 36. Rxb7 Qxb4 0-1

[Event "17. European Women's Championship 2016"]
[Site "Mamaia ROU"]
[Date "2016.05.29"]
[Round "3.30"]
[White "Babiy, Olga"]
[Black "Balaian, Alina"]
[Result "1-0"]
[WhiteElo "2337"]
[BlackElo "2230"]
[PlyCount "59"]
[EventDate "2016.05.27"]
[EventType "swiss"]
[EventRounds "11"]
[EventCountry "ROU"]
[Source "lmi"]
[SourceDate "2016.05.26"]

1. e4 e6 2. d4 d5 3. Nc3 Bb4 4. Nge2 dxe4 5. a3 Bxc3+ 6. Nxc3 Nc6 7. Bb5 Nge7
8. Bg5 f6 9. Be3 f5 10. Qh5+ Ng6 11. O-O-O O-O 12. d5 exd5 13. Nxd5 Bd7 14. Bc5
Re8 15. f3 Qc8 16. Rhe1 Kh8 17. Qg5 a6 18. Bf1 Re5 19. f4 Re8 20. Re3 Be6 21.
Rh3 Bf7 22. Bc4 Re6 23. Qxf5 Nd8 24. Qh5 h6 25. Bd4 Ne5 26. Qh4 Nxc4 27. Ne7
Bh5 28. Nxc8 Bxd1 29. Qxd8+ Kh7 30. Qxc7 1-0

[Event "17. European Women's Championship 2016"]
[Site "Mamaia ROU"]
[Date "2016.05.29"]
[Round "3.31"]
[White "Nikolova, Adriana"]
[Black "Stetsko, Lanita"]
[Result "1-0"]
[WhiteElo "2331"]
[BlackElo "2220"]
[PlyCount "103"]
[EventDate "2016.05.27"]
[EventType "swiss"]
[EventRounds "11"]
[EventCountry "ROU"]
[Source "lmi"]
[SourceDate "2016.05.26"]

1. e4 e5 2. Nf3 Nc6 3. Nc3 Nf6 4. Bb5 Bd6 5. d3 h6 6. a3 a6 7. Bc4 Bc5 8. b4
Ba7 9. Nd5 d6 10. c3 Nxd5 11. Bxd5 Ne7 12. Ba2 Ng6 13. h3 Qf6 14. d4 O-O 15.
Qd3 Nf4 16. Bxf4 Qxf4 17. O-O Re8 18. Rfe1 Be6 19. Bxe6 Rxe6 20. Re3 c6 21. Nd2
exd4 22. Rf3 Qh4 23. cxd4 d5 24. exd5 cxd5 25. Nb3 Re4 26. Rd1 Rae8 27. Kh2 Re2
28. g3 Qg5 29. Kg2 g6 30. Nc5 Qe7 31. Rd2 Re1 32. Qb3 Rd8 33. Re3 Rxe3 34. Qxe3
Bxc5 35. bxc5 Qd7 36. Qxh6 Re8 37. Qg5 Kg7 38. Rd3 Re4 39. Qd2 Qa4 40. h4 Qd7
41. h5 Qe7 42. hxg6 Kxg6 43. Rb3 f6 44. Qd3 Kg5 45. Rb1 Re2 46. Qf3 Qe4 47.
Rxb7 Qxf3+ 48. Kxf3 Rc2 49. Rd7 Rc3+ 50. Kg2 Rxa3 51. Rxd5+ f5 52. c6 1-0